Les cinéastes / réalisateurs français célèbres (en images) - Statistiques

Statistiques générales
  • Ce quiz a été pris 62 fois
  • Le résultat moyen est 7 sur 24
Statistiques - réponses
Par images Réponse % Correct
Les frères Auguste et Louis Lumière
78%
Claude Lelouch
67%
Georges Méliès
60%
Michel Audiard
58%
Gérard Oury
42%
Éric Rohmer
35%
Francis Veber
35%
Henri-Georges Clouzot
35%
Marcel Pagnol
35%
Marcel Carné
33%
Henri Verneuil
31%
Claude Sautet
27%
Claude Zidi
27%
Julien Duvivier
22%
Georges Lautner
20%
Édouard Molinaro
11%
Jean Girault
9%
Philippe de Broca
7%
René Clément
7%
Gilles Grangier
5%
José Giovanni
5%
Marc Allegret
4%
Hubert Viel
0%
Pierre Schoendoerffer
0%
Aucun quiz correspondant
Distribution des résultats
% des personnes avec chaque résultat
Percentile par nombre de réponses
Votre historique - résultats
Vous n’avez pas pris ce quiz